| 000 -LEADER |
| fixed length control field |
00865pab a2200181 454500 |
| 008 - FIXED-LENGTH DATA ELEMENTS--GENERAL INFORMATION |
| fixed length control field |
180718b2015 xxu||||| |||| 00| 0 eng d |
| 100 ## - MAIN ENTRY--PERSONAL NAME |
| Personal name |
Kim, Chulwoo |
| 245 ## - TITLE STATEMENT |
| Title |
Exploring followership in a public setting: is it a missing link between participative leadership and organizational performance |
| 260 ## - PUBLICATION, DISTRIBUTION, ETC. |
| Date of publication, distribution, etc. |
2015 |
| 300 ## - PHYSICAL DESCRIPTION |
| Extent |
p.436-457. |
| 362 ## - DATES OF PUBLICATION AND/OR SEQUENTIAL DESIGNATION |
| Dates of publication and/or sequential designation |
Jul |
| 520 ## - SUMMARY, ETC. |
| Summary, etc. |
Based on data drawn from the Office of Personnel Managementメs Federal Human Capital Survey, as well as from data provided in written interviews, this study offers empirical evidence that followership mediates the relationship that exists between participative leadership and public organization performance. - Reproduce |
| 650 ## - SUBJECT ADDED ENTRY--TOPICAL TERM |
| Topical term or geographic name entry element |
Organizations |
| 650 ## - SUBJECT ADDED ENTRY--TOPICAL TERM |
| Topical term or geographic name entry element |
Leadership |
| 700 ## - ADDED ENTRY--PERSONAL NAME |
| Personal name |
Schachter, Hindy Lauer |
| 773 ## - HOST ITEM ENTRY |
| Main entry heading |
American Review of Public Administration |
| 909 ## - |
| -- |
109087 |